000
00284nam a2200109Ia 4500
008
200302s9999 xx 000 0 und d
100
_a
Steven Hall
245
_a
This is hybrid/an analysis of mixed use buildings
260
_b
A+T Architecture Publisher
260
_c
2014
300
_a
311
999
_c
6589
_d
6589